<?xml version="1.0" encoding="UTF-8"?><?xml-stylesheet type="text/xsl" href="static/style.xsl"?><OAI-PMH xmlns="http://www.openarchives.org/OAI/2.0/" xmlns:xsi="http://www.w3.org/2001/XMLSchema-instance" xsi:schemaLocation="http://www.openarchives.org/OAI/2.0/ http://www.openarchives.org/OAI/2.0/OAI-PMH.xsd"><responseDate>2026-04-17T05:48:02Z</responseDate><request verb="GetRecord" identifier="oai:www.recercat.cat:11351/7891" metadataPrefix="marc">https://recercat.cat/oai/request</request><GetRecord><record><header><identifier>oai:recercat.cat:11351/7891</identifier><datestamp>2025-10-24T10:33:19Z</datestamp><setSpec>com_2072_378070</setSpec><setSpec>com_2072_378040</setSpec><setSpec>col_2072_378092</setSpec></header><metadata><record xmlns="http://www.loc.gov/MARC21/slim" xmlns:dcterms="http://purl.org/dc/terms/" xmlns:xsi="http://www.w3.org/2001/XMLSchema-instance" xmlns:doc="http://www.lyncode.com/xoai" xsi:schemaLocation="http://www.loc.gov/MARC21/slim http://www.loc.gov/standards/marcxml/schema/MARC21slim.xsd">
   <leader>00925njm 22002777a 4500</leader>
   <datafield ind2=" " ind1=" " tag="042">
      <subfield code="a">dc</subfield>
   </datafield>
   <datafield ind2=" " ind1=" " tag="720">
      <subfield code="a">Carvalho, Filipe</subfield>
      <subfield code="e">author</subfield>
   </datafield>
   <datafield ind2=" " ind1=" " tag="720">
      <subfield code="a">Rogers, Ailín</subfield>
      <subfield code="e">author</subfield>
   </datafield>
   <datafield ind2=" " ind1=" " tag="720">
      <subfield code="a">Chang, Tou‑Pin</subfield>
      <subfield code="e">author</subfield>
   </datafield>
   <datafield ind2=" " ind1=" " tag="720">
      <subfield code="a">Chee, Yinshan</subfield>
      <subfield code="e">author</subfield>
   </datafield>
   <datafield ind2=" " ind1=" " tag="720">
      <subfield code="a">Subramaniam, Dhivya</subfield>
      <subfield code="e">author</subfield>
   </datafield>
   <datafield ind2=" " ind1=" " tag="720">
      <subfield code="a">Pellino, Gianluca</subfield>
      <subfield code="e">author</subfield>
   </datafield>
   <datafield ind2=" " ind1=" " tag="260">
      <subfield code="c">2022-07-21T07:47:55Z</subfield>
   </datafield>
   <datafield ind2=" " ind1=" " tag="260">
      <subfield code="c">2022-07-21T07:47:55Z</subfield>
   </datafield>
   <datafield ind2=" " ind1=" " tag="260">
      <subfield code="c">2022-04</subfield>
   </datafield>
   <datafield ind2=" " ind1=" " tag="520">
      <subfield code="a">COVID-19; Cancer; Colorectal surgery</subfield>
   </datafield>
   <datafield ind2=" " ind1=" " tag="520">
      <subfield code="a">COVID-19; Cáncer; Cirugía colorrectal</subfield>
   </datafield>
   <datafield ind2=" " ind1=" " tag="520">
      <subfield code="a">COVID-19; Càncer; Cirurgia colorrectal</subfield>
   </datafield>
   <datafield ind2=" " ind1=" " tag="520">
      <subfield code="a">The outbreak of the COVID-19 pandemic produced unprecedented challenges, at a global level, in the provision of cancer care. With the ongoing need in the delivery of life-saving cancer treatment, the surgical management of patients with colorectal cancer required prompt significant transformation. The aim of this retrospective study is to report the outcome of a bespoke regional Cancer Hub model in the delivery of elective and essential colorectal cancer surgery, at the height of the first wave of the COVID-19 pandemic. 168 patients underwent colorectal cancer surgery from April 1st to June 30th of 2020. Approximately 75% of patients operated upon underwent colonic resection, of which 47% were left-sided, 34% right-sided and 12% beyond total mesorectal excision surgeries. Around 79% of all resectional surgeries were performed via laparotomy, and the remainder 21%, robotically or laparoscopically. Thirty-day complication rate, for Clavien–Dindo IIIA and above, was 4.2%, and 30-day mortality rate was 0.6%. Re-admission rate, within 30 days post-discharge, was 1.8%, however, no patient developed COVID-19 specific complications post-operatively and up to 28 days post-discharge. The established Cancer Hub offered elective surgical care for patients with colorectal cancer in a centralised, timely and efficient manner, with acceptable post-operative outcomes and no increased risk of contracting COVID-19 during their inpatient stay. We offer a practical model of care that can be used when elective surgery “hubs” for streamlined delivery of elective care needs to be established in an expeditious fashion, either due to the COVID-19 pandemic or any other future pandemics.</subfield>
   </datafield>
   <datafield ind1="8" ind2=" " tag="024">
      <subfield code="a">http://hdl.handle.net/11351/7891</subfield>
   </datafield>
   <datafield tag="653" ind2=" " ind1=" ">
      <subfield code="a">Recte - Càncer - Cirurgia</subfield>
   </datafield>
   <datafield tag="653" ind2=" " ind1=" ">
      <subfield code="a">Còlon - Càncer - Cirurgia</subfield>
   </datafield>
   <datafield tag="653" ind2=" " ind1=" ">
      <subfield code="a">COVID-19 (Malaltia)</subfield>
   </datafield>
   <datafield tag="653" ind2=" " ind1=" ">
      <subfield code="a">DISEASES::Neoplasms::Neoplasms by Site::Digestive System Neoplasms::Gastrointestinal Neoplasms::Intestinal Neoplasms::Colorectal Neoplasms</subfield>
   </datafield>
   <datafield tag="653" ind2=" " ind1=" ">
      <subfield code="a">Other subheadings::Other subheadings::Other subheadings::/surgery</subfield>
   </datafield>
   <datafield tag="653" ind2=" " ind1=" ">
      <subfield code="a">ENFERMEDADES::neoplasias::neoplasias por localización::neoplasias del sistema digestivo::neoplasias gastrointestinales::neoplasias intestinales::neoplasias colorrectales</subfield>
   </datafield>
   <datafield tag="653" ind2=" " ind1=" ">
      <subfield code="a">Otros calificadores::Otros calificadores::Otros calificadores::/cirugía</subfield>
   </datafield>
   <datafield ind2="0" ind1="0" tag="245">
      <subfield code="a">Feasibility and usability of a regional hub model for colorectal cancer services during the COVID-19 pandemic</subfield>
   </datafield>
</record></metadata></record></GetRecord></OAI-PMH>